| 000 | 00981nam a22002537a 4500 | ||
|---|---|---|---|
| 999 |
_c5602 _d5602 |
||
| 003 | AR-CdUCM | ||
| 008 | 190312b ||||| |||| 00| 0 spa d | ||
| 040 |
_aMUNICIPALIDAD PROVINCIAL DEL CUSCO _cBIBLIOTECA MUNICIPAL DEL CUSCO |
||
| 041 | _heng | ||
| 082 |
_24ed. _a150.195 / _bT48 |
||
| 100 |
_aThompson, Clara _916755 |
||
| 245 | _aEl Psicoanálisis / | ||
| 260 |
_aMéxico, D.F : _bFondo de Cultura Económica, _c1961,. |
||
| 300 |
_a250 páginas ; _c17 cm. |
||
| 440 |
_aBreviarios del Fondo de Cultura Económica _n47 _916756 |
||
| 505 | _aContenido: Valoración de la orientación biológica de Freud -- El ego y la estructura del carácter -- Los procesos subconscientes y la represión -- Resistencia y transferencia ... | ||
| 650 |
_aPsicoanálisis _916757 |
||
| 650 |
_aSubconsciencia _916758 |
||
| 650 |
_aFreud _916135 |
||
| 700 |
_aMullahy, Patrick (colaborador) _916759 |
||
| 700 |
_aGortari, Eli de (traducción) _916760 |
||
| 942 |
_2ddc _cLIBROS |
||
| 945 | _aachl | ||